01489nam a2200253 a 4500001001000000005001700010008004100027041000800068044000700076084002300083245011600106260001900222300002700241500005800268500048400326500004700810500002800857500010100885506009200986546003901078650007501117700002101192700002201213BRCA_516720190320204952.0231110s1604----mx-######v---#000-0#spa-# aspa amx aDOC123b.D63c160410aDocumento de la relación de escritura de Convento de la ConcepcióncMarcos Guerrero y Don Alonso de Berrio. aMéxicoc1604 a[31] fojasc32 x 22 cm aDocumento fechado el 9 de octubre de 1604 en México aAnte Marcos Guerrero, leyó Don Alonso de Berrio en representación del Mayordomo del Convento de la Concepción de está Ciudad de México, la relación de escrituras y censos perpetuos e irredimibles y arrendamientos de dicho convento en virtud de que muchos de ellos se habían muerto, a fin de poner en orden los bienes de dicho convento y de que no estuvieran estos en peligro de perderse. Trae una relación de los mismos que datan del último tercio del siglo XVI aEl documento contiene la leyenda DOC. #291 aPapel con marca de agua aEstado de conservación: contiene manchas de acidificación, márgenes doblados y maltratados0 aFondo reservado: para su consulta es necesario credencial de usuario y carta de motivos aTexto en: español del siglo XVII14aDocumentos legalesvManuscritoxHistoriayColonia, 1521-1821zMéxico1 aGuerrero, Marcos1 aBerrio, Alonso de